Tilastot visalle Ihmisten Nimiä Maiden Nimissä - Suomi

Klikkaa tästä pelataksesi tätä visaa!

Yleistilastot

  • Tätä visaa on pelattu 961 kertaa
  • Keskiarvotulos 6 / 18

Vastaustilastot

NimiMaa% Oikein
TiinaArgentiina
87%
MakeMakedonia
74%
OkkoMarokko
62%
EikkaKreikka
54%
TimoItä-Timor
49%
OutiDjibouti
41%
AnjaEspanja
41%
KariUnkari
38%
PiaEtiopia
22%
LeoSierra Leone
21%
IngaSingapore
19%
SolomonSolomonin saaret
15%
RitaMauritania
14%
ElliSeychellit
11%
MariSan Marino
8%
AlliMarshallin saaret
7%
AkiSlovakia
6%
RikuYhdistyneet arabiemiirikunnat
4%

Tulosjakauma

Persentiili vastausten määrän mukaan

Jokaisen tuloksen saaneiden osuus

Tuloshistoriasi

Et ole pelannut tätä visaa